Normal view MARC view
  • Afghanistan

Entry Geographic Name

Number of records used in: 7

001 - CONTROL NUMBER

  • control field: 6706

003 - CONTROL NUMBER IDENTIFIER

  • control field: NUST

005 - DATE AND TIME OF LATEST TRANSACTION

  • control field: 20171123095405.0

008 - FIXED-LENGTH DATA ELEMENTS

  • fixed length control field: 171123|| aca||aabn | a|a d

040 ## - CATALOGING SOURCE

  • Original cataloging agency: NUST
  • Transcribing agency: NUST

151 ## - HEADING--GEOGRAPHIC NAME

  • Geographic name: Afghanistan
  • General subdivision: History.

670 ## - SOURCE DATA FOUND

  • Source citation: Work cat.: (NUST)0: Dupree, Louis, 1925-1989. 6704, Afghanistan /, 1997.
© 2023 Central Library, National University of Sciences and Technology. All Rights Reserved.